Essays divine and human with thoughts and aphorisms / (Record no. 64104)

MARC details
000 -LEADER
fixed length control field 00601nam a22001577a 4500
005 - DATE AND TIME OF LATEST TRANSACTION
control field 20120317155347.0
020 ## - INTERNATIONAL STANDARD BOOK NUMBER
International Standard Book Number 8170583659
Terms of availability 00.00
035 ## - SYSTEM CONTROL NUMBER
System control number A-708794
037 ## - SOURCE OF ACQUISITION
Stock number DPL
Source of stock number/acquisition ENG
100 ## - MAIN ENTRY--PERSONAL NAME
Personal name Sri Aurobindo
245 ## - TITLE STATEMENT
Title Essays divine and human with thoughts and aphorisms /
Statement of responsibility, etc by Sri Aurobindo
260 ## - PUBLICATION, DISTRIBUTION, ETC. (IMPRINT)
Place of publication, distribution, etc Pondicherry
Name of publisher, distributor, etc Sri Aurobindo Ashram
Date of publication, distribution, etc 1994
300 ## - PHYSICAL DESCRIPTION
Extent 580p.
Dimensions 18 cms.
942 ## - ADDED ENTRY ELEMENTS (KOHA)
Source of classification or shelving scheme Dewey Decimal Classification
Item type English Books
Classification part 181.499
Call number suffix AUR
Holdings
Withdrawn status Lost status Not for loan Collection code Home library Current library Date acquired Cost, normal purchase price Full call number Barcode Cost, replacement price Koha item type
      Non-fiction Sarojini Nagar Sarojini Nagar 17/03/2012 0.00 181.499 AUR A-708794 0.00 English Books

© Delhi Public Library
Hit Counter
free hit counter